=LDR 00000nam 2200000 4500 =001 000785 =005 20250711111053 =035 ##$$a 0010-0725000654 =007 ta =008 250711################a##########0#ind## =020 ##$$a 978-623-307-324-0 =082 ##$$a 398.209 598 =084 ##$$a 398.209 598 TRI t =100 #$$a Trivedi, Ashishkumar =245 1#$$a Tikus yang Cerdik /$c Ashishkumar Trivedi =250 ##$$a Cetakan Kedua =260 ##$$a Jakarta :$b Badan Pengembangan dan Pembinaan Bahasa,$c 2024 =300 ##$$a 16 hlm. : $b ilus. ; $c 21 cm =650 #4$$a Cerita Anak Indonesia-Terjemahan =650 #4$$a Literasi-Bahan Bacaan =856 ##$$a TBM As Suhada =990 ##$$a TBM202400717